005100000a2200145000450024501200000065000180012065000240013865000230016265000190018565300260020465300120023004100130024210000230025577300860027810aComparative morphology of the butterfly foreleg coxa and trochanter () and its systematic implications14aEntomología14aMorfología animal14aTaxonomía animal14aFilogenética gStixeStix infernalis gCuretis0 aInglés1 aRobbins, Robert K.1 tProceedings of the Entomological Society of Washington3427h2q133-154d1988g90